Statistics for Biggest Cities on Islands

Click here to take the quiz!

General Stats

  • This quiz has been taken 41 times
    (31 since last reset)
  • The average score is 19 of 30

Answer Stats

CityPopulation (millions)Island% Correct
Jakarta10.9Java
100%
London9.4Great Britain
100%
Manchester2.8Great Britain
100%
Tokyo37.3Honshū
100%
Birmingham2.6Great Britain
97%
Osaka19.1Honshū
97%
Taipei2.7Taiwan
97%
Manila14.2Luzon
93%
Havana2.1Cuba
90%
Nagoya9.6Honshū
83%
Antananarivo3.5Madagascar
79%
Leeds1.9Great Britain
79%
Port-au-Prince2.8Hispaniola
79%
Sapporo2.7Hokkaido
79%
San Juan2.4Puerto Rico
76%
Santo Domingo3.4Hispaniola
76%
Hiroshima2.1Honshū
72%
Bandung2.6Java
59%
Fukuoka5.5Kyūshū
59%
Surabaya3.0Java
59%
Medan2.4Sumatra
52%
Singapore5.9Pulau Ujong (mostly)
52%
Sendai2.3Honshū
31%
Haikou1.9Hainan
21%
Bekasi3.5Java
10%
Taoyuan2.3Taiwan
10%
Semarang1.9Java
7%
Depok2.8Java
3%
Shizuoka2.9Honshū
3%
Tangerang2.4Java
3%

Score Distribution

Percentile by Number Answered

Percent of People with Each Score

Your Score History

You have not taken this quiz since the last reset